1977 1996 1059 1225 1871 1632 1394 1668 1920 1063 1460 1000 1214 1297 1778 1838 1262 1393 1504 1562 1020 1398 1351 1195 1906 1499 1359 1933 1856 1819 1614 1388 1488 1196 1400 1367 1954 1836 1832 1575 1289 1102 1573 1220 1265 1063 1695 1754 1232 1176 1710 1053 1308 1969 1920 1877 1617 1857 1014 1620 1116 1158 1133 1996 1863 1999 1714 1236 1941 1161 1748 1067 1017 1555 1001 1311 1857 1930 1381 1356 1096 1817 1406 1832 1258 1205 1030 1371 1198 1078 1101 1318 1859 1949 1173 1483 1660 1079 1353 BCNSPRNW ULIB Ver.6.0+V

เปลี่ยนเป็นภาษาไทย

Change to English
 แสดงรายละเอียดบรรณานุกรม
  กลับหน้าหลัก

Brief Record : Get Marc (ISO 2709) : E-mail record : QR code < ปิดหน้าต่าง
LEADER : 00000nam 2200000uu 4500
001    13399114303
003     ULIB
008    120321s2553||||th 000 0 tha d
020    ^a9786165000598
090    ^aนว.^bย236อ 2553
100 0  ^aยาใจ
245 00 ^aอุ่นรักละลายใจ/^cยาใจ
250    ^aพิมพ์ครั้งที่ 1
260    ^aกรุงเทพฯ :^bแจ่มใส,^c2553
300    ^a278 หน้า
710 1  ^aพิมพ์คำ
945    ^p180^l0^i16992
945    ^p180^l0^i19549
995    ^aกัณชพร
999    ^aใช้งานได้ทุกระบบ
รายการนี้ยังไม่มีแท็ก
คุณยังไม่ได้ล็อกอิน คุณสามารถมีกิจกรรมร่วมกับเว็บไซต์ได้ แต่ต้องล็อกอินก่อน ::
  ล็อกอิน

รายการสื่อสารสนเทศ

ลำดับที่ ประเภท เลขเรียก/บาร์โค้ด สถานที่ สถานะ
1. นวนิยาย
นวนิยาย
นว. ย236อ 2553  
  Barcode: 16992
ห้องสมุดวิทยาเขตสวรรค์ประชารักษ์
►นวนิยาย
บนชั้น
  ขอยืม
2. นวนิยาย
นวนิยาย
นว. ย236อ 2553 ฉ.2 
  Barcode: 19549
ห้องสมุดวิทยาเขตสวรรค์ประชารักษ์
►นวนิยาย
บนชั้น
  ขอยืม

รายการใกล้เคียง
    ผู้แต่ง [ยาใจ]

BibComment


ยังไม่เคยถูกคอมเมนท์

คอมเมนท์ทรัพยากรรายการนี้
  คอมเมนท์: อุ่นรักละลายใจ ย..


 Copyright 2026. Bcnsprnw @Library